Missing Word: 'N' Names Quiz Stats

 Plays Quiz Updated Jun 20, 2018

Challenge
Share
Tweet
Embed
Score 0/24 Timer 02:00
2 Plays Today
Full Name Missing Name % Correct
_____ ArmstrongNeil
93.7%
_____ KidmanNicole
93.2%
Saint _____Nicholas
90.8%
_____ MandelaNelson
90.5%
_____ PortmanNatalie
89.2%
_____ DrewNancy
86.9%
_____ FlandersNed
76.5%
_____ CampbellNaomi
73.8%
_____ CampbellNeve
60.2%
Alfred _____Nobel
60%
_____ HaleNathan
59%
Leonard _____Nimoy
58.8%
Full Name Missing Name % Correct
Bob _____Newhart
52%
_____ Com─âneci Nadia
50.8%
_____ KhrushchevNikita
47%
_____ CowardNoel
46.4%
_____ CarterNell
46.3%
_____ EphronNora
43.8%
_____ TeslaNikola
42.4%
Ed _____Norton
36.9%
_____ WebsterNoah
36.3%
Benjamin _____Netanyahu
33.3%
James _____Naismith
32.1%
Jawaharlal _____Nehru
31.4%

Today's Daily Dose

Missing Word
Top 10 Artists

Word Ladder
'70s Song II

On This Day
October 20th II

You're not logged in!

Compare scores with friends on all Sporcle quizzes.
Join for Free
OR
Log In

You Might Also Like...

Show Comments

Extras

Top Quizzes Today


Score Distribution

Your Account Isn't Verified!

In order to create a playlist on Sporcle, you need to verify the email address you used during registration. Go to your Sporcle Settings to finish the process.

Report this User

Report this user for behavior that violates our Community Guidelines.

Details: